| 000 | 00861nam a22002897a 4500 | ||
|---|---|---|---|
| 003 | CHAP | ||
| 005 | 20220329140623.0 | ||
| 008 | 971013s r 00010 d | ||
| 010 | _a54867 | ||
| 011 | _a55839 | ||
| 035 | _a59992 | ||
| 040 | _cCHAP | ||
| 090 | _aR-1803 | ||
| 100 | 0 | 0 |
_aTurner, D. J. _9115648 |
| 245 | _aHerbicide evaluation for forestry uses | ||
| 500 | _aSobretiro de : Report on Forest Research 1979. pp. 56-57 | ||
| 590 |
_aBATCH-UPD _b10 _c20130110 _lUCH01 _h0151 |
||
| 590 |
_aBATCH-UPD _b10 _c20130110 _lUCH01 _h0910 |
||
| 590 |
_aBATCH-UPD _b10 _c20130914 _lUCH01 _h1607 |
||
| 590 |
_aCONVERSION _b10 _c20130109 _lUCH01 _h1330 |
||
| 650 | 1 | 4 |
_aÁrboles _xMalas hierbas. _96619 |
| 650 | 1 | 4 |
_aHerbicidas. _953691 |
| 700 | 0 |
_aRichardson, W. G. _997288 |
|
| 901 | _aBK | ||
| 942 | _cREIMP | ||
| 949 |
_aR-1803 _bBC _cR _d-129504 _eTS1 _i59992 _si |
||
| 999 |
_c54867 _d54867 |
||